Statistics for Juventus Vs Barcelona CLF Line Ups

Click here to take the quiz!

General Stats

  • This quiz has been taken 111 times
    (103 since last reset)
  • The average score is 16 of 22

Answer Stats

HintAnswer% Correct
GKBuffon
100%
CBBonucci
94%
RWMessi
91%
CBPique
90%
LWNeymar
87%
STSuarez
87%
GKTer Stegen
86%
CMIniesta
85%
CDMBusquets
81%
LBAlba
79%
CMRakitic
77%
CMPirlo
77%
CMMarchisio
72%
CBBarzagli
71%
STMorata
71%
STTevez
70%
CBMascherano
65%
CMVidal
64%
RBDani Alves
63%
LBEvra
55%
RBLichtsteiner
48%
CMPaul Pogba
28%

Score Distribution

Percentile by Number Answered

Percent of People with Each Score

Your Score History

You have not taken this quiz since the last reset